Вып. 13, 2008; Ежегодник ТПУ

Bibliografiske detaljer
Parent link:Ежегодник ТПУ=TPU Year-Book: информационное издание о состоянии и деятельности Томского политехнического университета/ Томский политехнический университет. Вып. 13, 2008.— , 1996-
Summary:В книге представлены статистические и справочные данные по результатам работы Томского политехнического университета в 2007 году. Структура ежегодника отражает основные направления деятельности университета, значительная часть издания посвящена информации о факультетах и научно-исследовательских институтах. Предназначена для широкого круга отечественных и иностранных читателей, интересующихся системой высшего профессионального образования России.
Sprog:russisk
engelsk
Udgivet: 2008
Fag:
Format: Bog
KOHA link:https://koha.lib.tpu.ru/cgi-bin/koha/opac-detail.pl?biblionumber=248345

MARC

LEADER 00000nam2a2200000 4500
001 248345
005 20231101232358.0
010 |a 5982980994 
035 |a (RuTPU)RU\TPU\book\270120 
035 |a RU\TPU\book\173616 
090 |a 248345 
100 |a 20140122d2008 k y0rusy50 ca 
101 0 |a rus  |a eng 
102 |a RU 
105 |a ac z 000zy 
200 0 |a Вып. 13, 2008 
210 |d 2008 
215 |a 242 с.  |c ил. 
330 |a В книге представлены статистические и справочные данные по результатам работы Томского политехнического университета в 2007 году. Структура ежегодника отражает основные направления деятельности университета, значительная часть издания посвящена информации о факультетах и научно-исследовательских институтах. Предназначена для широкого круга отечественных и иностранных читателей, интересующихся системой высшего профессионального образования России. 
461 1 |0 (RuTPU)RU\TPU\book\49866  |t Ежегодник ТПУ  |l TPU Year-Book  |o информационное издание о состоянии и деятельности Томского политехнического университета  |f Томский политехнический университет  |v Вып. 13, 2008  |d 1996-  
606 1 |a Томский политехнический университет  |2 stltpush  |3 (RuTPU)RU\TPU\subj\67475  |9 83260 
610 1 |a высшее техническое образование 
610 1 |a Сибирь 
610 1 |a Томск 
610 1 |a история 
610 1 |a статистические данные 
610 1 |a структура 
610 1 |a факультеты 
610 1 |a наука 
610 1 |a международное сотрудничество 
610 1 |a подразделения 
610 1 |a культура 
610 1 |a социальная работа 
610 1 |a воспитательная работа 
610 1 |a труды учёных ТПУ 
610 1 |a ежегодники 
610 1 |a Коллекция История ТПУ 
675 |a 62(09)  |v 3 
686 |a Ч484(2)72ТПУ  |v LBC/SL-A  |2 rubbk 
801 1 |a RU  |b 63413507  |c 20081211  |g PSBO 
801 2 |a RU  |b 63413507  |c 20210205  |g PSBO 
942 |c BK